Beisbol
Kaydedildi:
| Materyal Türü: | Kitap |
|---|---|
| Dil: | İspanyolca |
| Baskı/Yayın Bilgisi: |
Barcelona
Aura
1979
|
| Seri Bilgileri: | Conozca el juego, 11
|
| Konular: | |
| Etiketler: |
Etiketle
Etiket eklenmemiş, İlk siz ekleyin!
|
MARC
| LEADER | 00000nam a2200000 a 4500 | ||
|---|---|---|---|
| 001 | UCY9559 | ||
| 003 | CL-VaPUC | ||
| 008 | 950717e19790000SP |||||||||||||||||spa|d | ||
| 082 | 0 | 4 | |a 796.357 |b BEI |2 21 |
| 245 | 1 | 0 | |a Beisbol |
| 300 | |a 38 p | ||
| 942 | |c BK | ||
| 945 | |d 19950717 00:00:00 |a cmena | ||
| 260 | |a Barcelona |b Aura |c 1979 | ||
| 650 | 7 | |a BEISBOL |2 CL-VaPUC |9 311172 | |
| 650 | 7 | |a DEPORTE |2 CL-VaPUC |9 341888 | |
| 650 | 7 | |a EJERCICIO |2 CL-VaPUC |9 310040 | |
| 650 | 0 | |a Atletismo |9 307422 | |
| 650 | 7 | |a ENTRENAMIENTO ATLETICO |2 CL-VaPUC |9 341889 | |
| 583 | |a last modification |c 20170829 12:31:22 |k Rodrigo Vera | ||
| 490 | 0 | |a Conozca el juego, 11 | |
| 999 | |c 236636 |d 236634 | ||
| 952 | |0 0 |1 0 |4 0 |6 796_357000000000000_BEI_1979 |7 0 |8 A |9 244862 |a BIBEDU |b BIBEDU |d 2019-11-18 |i 1535498 |o 796.357 BEI 1979 |p 1535498 |r 2019-11-18 |w 2019-11-18 |y BK |k EDU | ||